000 00939nam a2200205Ia 4500
003 OSt
005 20241009144455.0
007 ca aa aaaaa
008 201103s9999 xx 000 0 und d
040 _cSSBUL
041 _abur
082 _223
_a၂၉၄.၃၄၃၅ အောင်
_b၉၃၄၀ S-SAT
100 0 _a အောင်မြင့်၊ မောင်(ညောင်ဦး)
_954971
245 1 0 _aဗူးဘုရားနှင့်ပျူစောထီး=Bu Phaya and the fable of Pyu Saw Hti /
_cမောင်အောင်မြင့်(ညောင်ဦး)။
260 _aရန်ကုန် ၊
_bငမိုးရိပ်စာပေ၊
_c၁၉၉၆။
300 _a၅၀ စာမျက်နှာ ၊
_bပုံများ ၊
_c၂၃ စင်တီ။
500 _aS-SAT: Dr. Sai Aung Tun
650 _aဗူးဘုရား
_xသမိုင်း
_954972
942 _2ddc
_cBK1
999 _c16847
_d16847